Central Library OPAC University of Rajshahi

Mastering PageMaker 5.0 for Windows / (Record no. 65785)

MARC details
000 -LEADER
fixed length control field 00657nam a2200217 a 4500
001 - CONTROL NUMBER
control field 65785
003 - CONTROL NUMBER IDENTIFIER
rucl marc code BD-RjUL
005 - DATE AND TIME OF LATEST TRANSACTION
control field 20211209081450.0
008 - FIXED-LENGTH DATA ELEMENTS--GENERAL INFORMATION
fixed length control field 170312s1994 ii |||| |||| 001 0 eng d
020 ## - INTERNATIONAL STANDARD BOOK NUMBER
International Standard Book Number 8170292611
035 ## - SYSTEM CONTROL NUMBER
System control number (BD-RjUL)65915
040 ## - CATALOGING SOURCE
Original cataloging agency BD-RjUL
Language of cataloging eng
Transcribing agency BD-RjUL
041 ## - LANGUAGE CODE
Language code of text/sound track or separate title eng
082 ## - DEWEY DECIMAL CLASSIFICATION NUMBER
Edition number 23
Classification number 005.3684
Author mark and year ALM 1994
100 1# - MAIN ENTRY--PERSONAL NAME
Personal name Altman, Rebecca Bridges
9 (RLIN) 194539
245 1# - TITLE STATEMENT
Title Mastering PageMaker 5.0 for Windows /
Remainder of title Rebecca Bridges Altman
260 ## - PUBLICATION, DISTRIBUTION, ETC. (IMPRINT)
Place of publication, distribution, etc. New Delhi :
Name of publisher, distributor, etc. BPB Publications,
Date of publication, distribution, etc. 1994
300 ## - PHYSICAL DESCRIPTION
Pagination 724 p. :
Illustrations ill. ;
Size 23 cm.
650 ## - SUBJECT ADDED ENTRY--TOPICAL TERM
Topical term or geographic name as entry element IBM Personal Computer--Programming
General subdivision Electronic publishing
9 (RLIN) 194541
942 ## - ADDED ENTRY ELEMENTS (KOHA)
Source of classification or shelving scheme Dewey Decimal Classification
Koha item type Books
Holdings
Lost status Source of classification or shelving scheme Damaged status Not for loan Collection code Permanent Location Current Location Shelving location Date acquired Source of acquisition Cost, normal purchase price Total Checkouts Full call number Date last seen Copy number Koha item type
  Dewey Decimal Classification   Not For Loan Non-fiction Central Library, University of Rajshahi Central Library, University of Rajshahi Reading Room 02/04/2000 Lucky Syndicate 300.00   005.3684 ALM 1994 12/03/2017 C-1 Books